New Foundations for industrial sociology (Record no. 1445886)

MARC details
000 -LEADER
fixed length control field 00606nam a2200217Ia 4500
005 - DATE AND TIME OF LATEST TRANSACTION
control field 20250923145011.0
008 - FIXED-LENGTH DATA ELEMENTS--GENERAL INFORMATION
fixed length control field 008 250917s9999 xx 000 0 eng d
037 ## - SOURCE OF ACQUISITION
Stock number Textual
040 ## - CATALOGING SOURCE
Original cataloging agency DSWL
Language of cataloging eng
Transcribing agency DSWL
041 ## - LANGUAGE CODE
Language code of text/sound track or separate title eng
Source of code eng
084 ## - COLON CLASSIFICATION NUMBER
Classification number Y:(X8), J9
Assigning agency DSWL
100 ## - MAIN ENTRY--PERSONAL NAME
Personal name Vincent, M.J.
9 (RLIN) 830717
245 #0 - TITLE STATEMENT
Title New Foundations for industrial sociology
Statement of responsibility, etc. by M.J. Vincent
260 ## - PUBLICATION, DISTRIBUTION, ETC.
Place of publication, distribution, etc. Toronto
Name of publisher, distributor, etc. Van Nostrand Co Inc.
Date of publication, distribution, etc. 1959
300 ## - PHYSICAL DESCRIPTION
Extent 98 p.
365 ## - TRADE PRICE
Price type code INR
Price amount 9
700 ## - ADDED ENTRY--PERSONAL NAME
Personal name M.J. Mayers
9 (RLIN) 830718
925 ## -
-- 9
942 ## - ADDED ENTRY ELEMENTS (KOHA)
Koha item type Textual
Classification part Y:(X8), J9
Holdings
Withdrawn status Lost status Damaged status Not for loan Home library Current library Date acquired Inventory number Total Checkouts Full call number Barcode Date last seen Price effective from Koha item type
        Department of Social Work Library Department of Social Work Library 2025-09-23 R/1237/65   Y:(X8), J9 SW0011327 2025-09-23 2025-09-23 Textual
Copyright @ Delhi University Library System